000 00821nam a2200289Ia 4500
008 170203s9999 xx 000 0 und d
020 _a9781845380953
050 _aFic
050 _bB571s
100 _aBevan, Clare.
245 _aSaid mouse to mole /
245 _cwritten by Clare Bevan ; designed by Alix Wood ; edited by Hannah Ray; illustrated by Sanja Rescek.
260 _aLondon :
260 _bQEB Publishing, Inc.
260 _c2004
300 _a24 pages :
300 _bcolor illustrations :
300 _c22 x 25 cm.
440 _aQED start reading.
500 _aOriginally published: 2004.
650 _aMice --
650 _aMoles (Animals) --
650 _aStories in rhyme.
650 _xJuvenile fiction.
650 _xJuvenile fiction.
700 _aRescek, Sanja, ill.
999 _c306605
_d306605